Child health and development /

Bibliographic Details
Main Author: Ellis, Richard White Bernard
Format: Book
Language:English
Published: New York : Grune & Stratton, 1966.
Edition:4th ed.
Subjects:

MARC

Tag First Indicator Second Indicator Subfields
LEADER 00000cam a2200000 4500
001 in00000051138
005 20151007080212.0
008 731003s1966 nyuab b 00000 eng
010 |a  66009440  
035 |a (OCoLC)00952971 
035 |9 AAF4408AM 
040 |a DLC  |c DLC  |d TXA  |d UtOrBLW 
049 |a TXAM  |c [465164] 
050 1 0 |a RJ101  |b .E55 1966 
082 0 |a 613.972 
092 |a 155.4  |b E47c 1966 
100 1 |a Ellis, Richard White Bernard. 
245 1 0 |a Child health and development /  |c by various authors. 
250 |a 4th ed. 
264 1 |a New York :  |b Grune & Stratton,  |c 1966. 
300 |a xv, 480 pages :  |b illustrations, maps. ;  |c 25 cm. 
336 |a text  |b txt  |2 rdacontent 
337 |a unmediated  |b n  |2 rdamedia 
338 |a volume  |b nc  |2 rdacarrier 
504 |a Includes bibliographies. 
650 0 |a Children  |x Growth. 
650 0 |a Children  |x Health and hygiene. 
650 0 |a Child welfare. 
999 |a MARS 
999 f f |s c408b63f-2a39-3e00-823c-fe08ac27d120  |i 92ac706f-0073-335d-b30e-63283c574b27  |t 0 
952 f f |p ric  |a Texas A&M University  |b Rellis Campus  |c Joint Library Facility  |d Remote Storage  |t 0  |e RJ101 .E55 1966  |h Library of Congress classification  |i unmediated -- volume  |m A14800527392 
998 f f |a RJ101 .E55 1966  |t 0  |l Remote Storage